Can You Name The Highest Rated Seasons of All Time? - Statistics

General Stats
  • This quiz has been taken 14 times
    10 since last reset
  • The average score is 12 of 37
Answer Stats
IMDB Rating Answer Season % Correct
9.38 Breaking Bad 5
88%
8.96 Breaking Bad 4
88%
9.09 Better Call Saul 6
75%
9.06 Better Call Saul 5
75%
9.28 Attack on Titan 3
63%
9.21 Attack on Titan 4
63%
9.08 Attack on Titan 2
63%
9.24 Game of Thrones 4
63%
9.02 Game of Thrones 7
63%
8.98 Game of Thrones 6
63%
8.97 Game of Thrones 1
63%
8.93 Game of Thrones 3
63%
8.81 Game of Thrones 2
63%
9.14 Succession 4
38%
8.81 Succession 3
38%
8.80 BoJack Horseman 6
25%
8.86 Gravity Falls 2
25%
9.23 True Detective 1
25%
8.87 Avatar: The Last Airbender 3
13%
8.94 Daredevil 3
13%
8.87 Daredevil 2
13%
8.90 Dexter 4
13%
8.83 Fleabag 2
13%
8.98 Hannibal 2
13%
9.20 Mr. Robot 4
13%
9.03 Mr. Robot 3
13%
9.10 Person of Interest 5
13%
8.86 Person of Interest 3
13%
8.81 Person of Interest 4
13%
9.10 Sherlock 2
13%
8.82 Sherlock 3
13%
8.96 The Leftovers 3
13%
8.86 The Leftovers 2
13%
8.86 Westworld 1
13%
9.12 Dark 2
0%
9.00 Dark 3
0%
8.92 Suits 5
0%
No matching quizzes found
Score Distribution
Percent of People with Each Score
Percentile by Number Answered
Your Score History
You have not taken this quiz since the last reset